Paroles Clara Luciani - Statistiques

Statistiques générales
  • Ce quiz a été pris 58 fois
  • Le résultat moyen est 11 sur 20
Statistiques - réponses
Paroles Chanson % Correct
Mais qu'est-ce que tu crois? Je ne suis qu'un animal déguisé en madone La grenade
94%
Le rythme de son cœur s'aligne aux stroboscopes et bat un peu plus fort Respire encore
80%
Alors si tu coules, je coule aussi et je tiens bien trop à la vie pour que ce puisse être permis Ma sœur
72%
T'es une fourmi dans la fourmilière, une perle au collier de l'univers Tout pour moi
72%
En pleureuse italienne ou en bon petit, en bon petit soldat comment tu me préfères Nue
68%
Je te sens au loin, chasser mon souvenir, qui palpite encore, qui va bientôt mourir Le reste
66%
Les femmes sont nues, les hommes aussi, rien à se cacher, rien à se cacher La baie
62%
Ta peau est fine comme du papier à cigarette, chaque fois qu'on la frappe, il y pousse une violette Cœur
60%
Un bouquet d'épines reçu les yeux fermés de l'arsenic dans un flacon d'eau parfumée, c'est un cadeau piégé Amour toujours
56%
Toi, tu as ton style et tes manières et t'as toujours l'air d'arriver d'un long voyage, en mer Tout le monde (sauf toi)
56%
Je porte mon corps de femme, quoi qu'il pèse, le ventre lourd en desserte d'amour Courage
48%
Tu voudrais voir en moi ta mère et ta sauveuse, que je porte ma croix en restant amoureuse Drôle d'époque
48%
Et c'est si fragile ce bonheur subtil, on voudrait le garder sous-verre, on l'asphyxierait dans sa serre Cette vie
46%
Lâche ma main, tu sais marcher je veux te voir courir Roule
46%
Je referai l'Olympia, au zénith les yeux fermés, toute l'éternité Au revoir
40%
Si tu marches avec moi, si tu guides mes pas, on irait loin je crois Comme toi
38%
Y a des jours qui ressemblent à des nuits et des nuits qui ressemblent à des puits Romance
38%
... profonde comme la nuit qui gronde et ronronne quand je lui donne ma peur d'être seule Mon ombre
34%
Poignardé par quelques accords mineurs que tes doigts frapperont comme des marteaux Sad & Slow
30%
Mes yeux ont appris par cœur tes formes et tes contours et les devinent quand s'éteint le jour Monstre d'amour
24%
Aucun quiz correspondant
Distribution des résultats
% des personnes avec chaque résultat
Percentile par nombre de réponses
Votre historique - résultats
Vous n’avez pas pris ce quiz